000 00591nam a22002297a 4500
003 UA-OsUOA
001 134420
007 ta
008 20181204b un ||||| |||| 00| 0 ukr d
090 _a32(075.8)
_bП50
942 _cBK
040 _aUA-OsUOA
_brus
_cUA-OsUOA
_dUA-OsUOA
245 _aПолитология
_cпод ред. А. С. Тугаэва, А. Е. Хренова
300 _a560 с.
955 _a2
041 _arus
080 _a32(075.8)
020 _a5-469-00430-9
260 _aСПб
_bПитер
_c2005
650 7 _a32 Політика
_2UDC
999 _c423286
_d423286